Die Bedeutung ausländischer Urteile gegenüber Heranwachsenden für das Führungszeugnis

Saved in:  
Bibliographic Details
Main Author: Driest, Dagmar (Author)
Format: Print Article
Language:German
Published: 1989
In: Strafverteidiger
Year: 1989, Volume: 9, Issue: 10, Pages: 458
Check availability: HBZ Gateway
Keywords:

MARC

LEADER 00000caa a2200000 c 4500
001 163163500X
003 DE-627
005 20220607130410.0
007 tu
008 130411s1989 xx ||||| 00| ||ger c
035 |a (DE-627)163163500X 
035 |a (DE-576)381052214 
035 |a (DE-599)BSZ381052214 
040 |a DE-627  |b ger  |c DE-627  |e rakwb 
041 |a ger 
100 1 |a Driest, Dagmar  |4 aut 
245 1 4 |a Die Bedeutung ausländischer Urteile gegenüber Heranwachsenden für das Führungszeugnis  |c Dagmar Driest 
264 1 |c 1989 
336 |a Text  |b txt  |2 rdacontent 
337 |a ohne Hilfsmittel zu benutzen  |b n  |2 rdamedia 
338 |a Band  |b nc  |2 rdacarrier 
773 0 8 |i In  |t Strafverteidiger  |d Köln : Heymanns, 1981  |g 9(1989), 10, Seite 458  |w (DE-627)129098132  |w (DE-600)8277-6  |w (DE-576)014434857  |x 0720-1605  |7 nnas 
773 1 8 |g volume:9  |g year:1989  |g number:10  |g pages:458 
951 |a AR 
ELC |b 1 
LOK |0 000 xxxxxcx a22 zn 4500 
LOK |0 001 328268682X 
LOK |0 003 DE-627 
LOK |0 004 163163500X 
LOK |0 005 20250312123032 
LOK |0 008 130411||||||||||||||||ger||||||| 
LOK |0 040   |a DE-21-110  |c DE-627  |d DE-21-110 
LOK |0 689   |a s  |a Führungszeugnis 
LOK |0 852   |a DE-21-110 
LOK |0 852 1  |m p  |9 00 
LOK |0 935   |a k110 
LOK |0 938   |k p 
LOK |0 939   |a 11-04-13  |b l01 
ORI |a SA-MARC-krimdoka001.raw